5HLuxD.jpg

KING HENRY VIII SENIOR AND PRIMARY SCHOOL LIBRARY OPAC

PICTURE DICTIONARY (Record no. 4423)

000 -LEADER
fixed length control field 00314nam a22001217a 4500
008 - FIXED-LENGTH DATA ELEMENTS--GENERAL INFORMATION
fixed length control field 250217b ||||| |||| 00| 0 eng d
020 ## - INTERNATIONAL STANDARD BOOK NUMBER
International Standard Book Number 9781407561585
082 ## - DEWEY DECIMAL CLASSIFICATION NUMBER
Classification number 423.17
100 ## - MAIN ENTRY--PERSONAL NAME
Personal name FELDMAN,THEA
Relator term AUTHOR
245 ## - TITLE STATEMENT
Title PICTURE DICTIONARY
260 ## - PUBLICATION, DISTRIBUTION, ETC.
Place of publication, distribution, etc. 4 QUEEN STREET BATH BA1 1HE.UK
Name of publisher, distributor, etc. PARRAGON
Date of publication, distribution, etc. 2009
942 ## - ADDED ENTRY ELEMENTS (KOHA)
Source of classification or shelving scheme
Holdings
Withdrawn status Lost status Source of classification or shelving scheme Damaged status Not for loan Collection code Permanent Location Current Location Shelving location Date acquired Total Checkouts Full call number Barcode Date last seen Date last checked out Price effective from Koha item type Public note
          Non-Fiction KH8 Primary School Library KH8 Primary School Library Non Fiction 2025-02-17 1 423.17 THE KHPL000006178 2025-12-05 2025-06-13 2025-02-17 Books - Non Ficton KH8 PRIMARY LIBRARY

Powered By KH8 IT Dept